Dějiny politických teorií

Gespeichert in:
Bibliographische Detailangaben
1. Verfasser: Valeš, Lukáš
Körperschaft: Fakulta humanitních studií ZČU v Plzni. Katedra politologie a mezinárodních vztahů
Format: Buch
Sprache:Tschechisch
Veröffentlicht: Plzeň Vydavatelství a nakladatelství Aleš Čeněk 2004
Schlagworte:
Tags: Tag hinzufügen
Keine Tags, Fügen Sie das erste Tag hinzu!

MARC

LEADER 00000nam$a2200000$$$4500
001 0044662
005 20221207102554.4
020 |a 80-86898-00-8 
041 0 |a cze 
044 |a CZ 
245 1 0 |a Dějiny politických teorií  |c Lukáš Valeš 
264 1 |a Plzeň  |b Vydavatelství a nakladatelství Aleš Čeněk  |c 2004 
300 |a 236 s. 
610 2 0 |a teórie politické 
610 2 0 |a dejiny 
610 2 0 |a politika 
610 2 0 |a osobnosť 
610 2 0 |a filozofia 
100 1 |a Valeš, Lukáš 
710 2 |a Fakulta humanitních studií ZČU v Plzni. Katedra politologie a mezinárodních vztahů